00598nam a22001817a 450000500170000001000230001702000260004003500140006603700090008008200110008910000240010024500680012425000060019226000490019827001190024730000200036650000300038620241211143214.0 aDEC24SC ENG-142988 a9789358702187c599.00 aEN-126520 bDBAD a00021 a: Ravinder Dhankhar aGeneral Knowledge Oneliners 35000+ Facts/cBy Ravinder Dhankhar a1 aNew DelhibS Chand and Company Limitedc2025 a A-27, 2nd Floor, Mohan Co-operative Industrial EstatebNew Delhie110044minfo@schandpublishing.comk011-49731800 a632p.c26cm(pb) aFor all Competitive Exams